[Event "World Youth & Cadets Rapid Championships"]
[Site "Rhodes, Greece"]
[Date "2022.05.01"]
[Round "3.5"]
[White "Pidluznij, Gleb"]
[Black "Rakhmatullaev, Almas"]
[Result "0-1"]
[TimeControl "10'/game & 5\"/move"]
[WhiteElo "2051"]
[BlackElo "2050"]

1. d4 {[%clk 00:10:08]} Nf6 {[%clk 00:10:08]} {[%emt 00:00:02]} 2. Bg5 {[%clk
00:10:12]} {[%emt 00:00:02]} d5 {[%clk 00:09:42]} {[%emt 00:00:32]} 3. Bxf6
{[%clk 00:10:15]} {[%emt 00:00:02]} exf6 {[%clk 00:09:45]} {[%emt 00:00:01]} 4.
e3 {[%clk 00:10:18]} {[%emt 00:00:02]} c6 {[%clk 00:09:43]} {[%emt 00:00:07]} 5.
c4 {[%clk 00:10:13]} {[%emt 00:00:11]} dxc4 {[%clk 00:09:27]} {[%emt 00:00:20]}
6. Bxc4 {[%clk 00:10:11]} {[%emt 00:00:07]} Nd7 {[%clk 00:09:31]} {[%emt
00:00:01]} 7. Nc3 {[%clk 00:10:05]} {[%emt 00:00:11]} Nb6 {[%clk 00:09:33]}
{[%emt 00:00:03]} 8. Bd3 {[%clk 00:09:40]} {[%emt 00:00:29]} Be6 {[%clk
00:08:58]} {[%emt 00:00:41]} 9. Nf3 {[%clk 00:09:37]} {[%emt 00:00:09]} g6
{[%clk 00:07:51]} {[%emt 00:01:12]} 10. O-O {[%clk 00:09:38]} {[%emt 00:00:04]}
Bg7 {[%clk 00:07:49]} {[%emt 00:00:06]} 11. Qe2 {[%clk 00:09:18]} {[%emt
00:00:25]} O-O {[%clk 00:07:43]} {[%emt 00:00:10]} 12. b4 {[%clk 00:09:08]}
{[%emt 00:00:16]} f5 {[%clk 00:07:37]} {[%emt 00:00:11]} 13. a4 {[%clk
00:08:28]} {[%emt 00:00:45]} Qd6 {[%clk 00:07:04]} {[%emt 00:00:38]} 14. Rab1
{[%clk 00:08:18]} {[%emt 00:00:16]} Rfe8 {[%clk 00:06:37]} {[%emt 00:00:31]} 15.
Qd2 {[%clk 00:05:52]} {[%emt 00:02:32]} Rad8 {[%clk 00:05:12]} {[%emt
00:01:30]} 16. Rfd1 {[%clk 00:04:45]} {[%emt 00:01:12]} h6 {[%clk 00:03:57]}
{[%emt 00:01:19]} 17. a5 {[%clk 00:04:33]} {[%emt 00:00:17]} Nc4 {[%clk
00:03:34]} {[%emt 00:00:28]} 18. Qe2 {[%clk 00:03:54]} {[%emt 00:00:44]} Na3
{[%clk 00:02:28]} {[%emt 00:01:11]} 19. Rb2 {[%clk 00:03:58]} {[%emt 00:00:01]}
a6 {[%clk 00:02:32]} {[%emt 00:00:02]} 20. Na4 {[%clk 00:03:32]} {[%emt
00:00:31]} Bd5 {[%clk 00:02:15]} {[%emt 00:00:22]} 21. Nc5 {[%clk 00:03:12]}
{[%emt 00:00:25]} Re7 {[%clk 00:01:59]} {[%emt 00:00:20]} 22. Ra1 {[%clk
00:02:25]} {[%emt 00:00:52]} Nb5 {[%clk 00:01:42]} {[%emt 00:00:22]} 23. Bxb5
{[%clk 00:01:19]} {[%emt 00:01:11]} cxb5 {[%clk 00:01:45]} {[%emt 00:00:02]} 24.
Rd1 {[%clk 00:00:59]} {[%emt 00:00:25]} Rde8 {[%clk 00:01:16]} {[%emt
00:00:34]} 25. Ne5 {[%clk 00:00:35]} {[%emt 00:00:29]} Kh7 {[%clk 00:00:43]}
{[%emt 00:00:38]} 26. Rbd2 {[%clk 00:00:22]} {[%emt 00:00:19]} f6 {[%clk
00:00:32]} {[%emt 00:00:15]} 27. Ned3 {[%clk 00:00:11]} {[%emt 00:00:16]} f4
{[%clk 00:00:25]} {[%emt 00:00:12]} 28. Re1 {[%clk 00:00:15]} {[%emt 00:00:01]}
fxe3 {[%clk 00:00:14]} {[%emt 00:00:16]} 29. fxe3 {[%clk 00:00:20]} f5 {[%clk
00:00:12]} {[%emt 00:00:07]} 30. Qf2 {[%clk 00:00:15]} {[%emt 00:00:09]} Bc4
{[%clk 00:00:08]} {[%emt 00:00:10]} 31. h3 {[%clk 00:00:00]} {[%emt 00:00:15]}
0-1

[Event "World Youth & Cadets Rapid Championships"]
[Site "Rhodes, Greece"]
[Date "2022.05.01"]
[Round "3.6"]
[White "Tarhan, Adar"]
[Black "Petrovskyi, Vadym"]
[Result "1-0"]
[TimeControl "10'/game & 5\"/move"]
[WhiteElo "1580"]
[BlackElo "2347"]

1. e4 {[%clk 00:10:08]} {[%emt 00:00:02]} c5 {[%clk 00:10:08]} {[%emt
00:00:02]} 2. Nf3 {[%clk 00:10:12]} {[%emt 00:00:02]} d6 {[%clk 00:10:11]}
{[%emt 00:00:01]} 3. d4 {[%clk 00:10:16]} {[%emt 00:00:01]} cxd4 {[%clk
00:10:15]} {[%emt 00:00:01]} 4. Nxd4 {[%clk 00:10:20]} {[%emt 00:00:01]} Nf6
{[%clk 00:10:19]} {[%emt 00:00:01]} 5. Nc3 {[%clk 00:10:24]} {[%emt 00:00:01]}
a6 {[%clk 00:10:23]} 6. h3 {[%clk 00:10:26]} {[%emt 00:00:03]} e5 {[%clk
00:10:26]} {[%emt 00:00:02]} 7. Nde2 {[%clk 00:10:29]} {[%emt 00:00:02]} h5
{[%clk 00:10:29]} {[%emt 00:00:01]} 8. Bg5 {[%clk 00:10:24]} {[%emt 00:00:11]}
Be7 {[%clk 00:10:18]} {[%emt 00:00:16]} 9. Bxf6 {[%clk 00:10:04]} {[%emt
00:00:24]} Bxf6 {[%clk 00:10:23]} {[%emt 00:00:01]} 10. Nd5 {[%clk 00:10:08]}
{[%emt 00:00:01]} Nd7 {[%clk 00:10:11]} {[%emt 00:00:17]} 11. Nec3 {[%clk
00:10:06]} {[%emt 00:00:06]} b5 {[%clk 00:10:05]} {[%emt 00:00:11]} 12. a4
{[%clk 00:10:08]} {[%emt 00:00:04]} bxa4 {[%clk 00:10:04]} {[%emt 00:00:06]} 13.
Rxa4 {[%clk 00:09:47]} {[%emt 00:00:26]} g6 {[%clk 00:09:22]} {[%emt 00:00:46]}
14. Nb5 {[%clk 00:08:44]} {[%emt 00:01:09]} O-O {[%clk 00:09:25]} {[%emt
00:00:02]} 15. Nxd6 {[%clk 00:08:47]} {[%emt 00:00:03]} Nc5 {[%clk 00:08:38]}
{[%emt 00:00:51]} 16. Rc4 {[%clk 00:08:44]} {[%emt 00:00:07]} Qxd6 {[%clk
00:08:28]} {[%emt 00:00:15]} 17. Nxf6+ {[%clk 00:08:47]} {[%emt 00:00:03]} Qxf6
{[%clk 00:08:32]} 18. Rxc5 {[%clk 00:08:51]} {[%emt 00:00:01]} Qb6 {[%clk
00:08:13]} {[%emt 00:00:23]} 19. Rc3 {[%clk 00:08:24]} {[%emt 00:00:32]} Qxb2
{[%clk 00:08:08]} {[%emt 00:00:11]} 20. Rb3 {[%clk 00:08:28]} Qa2 {[%clk
00:05:24]} {[%emt 00:02:49]} 21. Bc4 {[%clk 00:08:03]} {[%emt 00:00:30]} Qa5+
{[%clk 00:04:01]} {[%emt 00:01:27]} 22. c3 {[%clk 00:07:56]} {[%emt 00:00:12]}
Bb7 {[%clk 00:03:03]} {[%emt 00:01:04]} 23. O-O {[%clk 00:07:37]} {[%emt
00:00:23]} Bxe4 {[%clk 00:02:50]} {[%emt 00:00:19]} 24. Re1 {[%clk 00:07:20]}
{[%emt 00:00:22]} Bf5 {[%clk 00:02:10]} {[%emt 00:00:44]} 25. Qd6 {[%clk
00:05:57]} {[%emt 00:01:28]} Rfe8 {[%clk 00:01:27]} {[%emt 00:00:48]} 26. Bxf7+
{[%clk 00:05:44]} {[%emt 00:00:18]} Kg7 {[%clk 00:01:18]} {[%emt 00:00:14]} 27.
Bxe8 {[%clk 00:05:47]} {[%emt 00:00:02]} Rxe8 {[%clk 00:01:23]} {[%emt
00:00:01]} 28. Rb7+ {[%clk 00:05:50]} {[%emt 00:00:02]} Kh6 {[%clk 00:01:17]}
{[%emt 00:00:11]} 29. Qd2+ {[%clk 00:05:39]} {[%emt 00:00:16]} g5 {[%clk
00:01:21]} 30. h4 {[%clk 00:05:38]} {[%emt 00:00:06]} Rg8 {[%clk 00:01:20]}
{[%emt 00:00:05]} 31. hxg5+ {[%clk 00:05:42]} {[%emt 00:00:02]} Rxg5 {[%clk
00:01:24]} 32. Rg7 {[%clk 00:05:39]} {[%emt 00:00:07]} Bg6 {[%clk 00:01:25]}
{[%emt 00:00:04]} 33. Rg8 {[%clk 00:05:29]} {[%emt 00:00:15]} Qc7 {[%clk
00:01:21]} {[%emt 00:00:10]} 34. Rb1 {[%clk 00:04:49]} {[%emt 00:00:45]} h4
{[%clk 00:00:26]} {[%emt 00:00:59]} 35. Rb4 {[%clk 00:04:08]} {[%emt 00:00:47]}
e4 {[%clk 00:00:23]} {[%emt 00:00:08]} 36. Rxe4 {[%clk 00:04:05]} {[%emt
00:00:08]} Bxe4 {[%clk 00:00:08]} {[%emt 00:00:19]} 37. Qxg5+ {[%clk 00:04:08]}
{[%emt 00:00:02]} Kh7 {[%clk 00:00:13]} 38. Re8 {[%clk 00:04:11]} {[%emt
00:00:02]} Qxc3 {[%clk 00:00:10]} {[%emt 00:00:09]} 39. Rxe4 {[%clk 00:04:12]}
{[%emt 00:00:04]} Qc1+ {[%clk 00:00:13]} {[%emt 00:00:01]} 40. Qxc1 {[%clk
00:04:16]} {[%emt 00:00:02]} 1-0

[Event "World Youth & Cadets Rapid Championships"]
[Site "Rhodes, Greece"]
[Date "2022.05.01"]
[Round "3.7"]
[White "Laux, Dominik"]
[Black "Klugstedt, Vincent"]
[Result "0-1"]
[TimeControl "10'/game & 5\"/move"]
[WhiteElo "2232"]
[BlackElo "1811"]

1. d4 {[%clk 00:10:08]} {[%emt 00:00:01]} Nf6 {[%emt 00:00:05]} 2. Bg5 {[%clk
00:10:12]} {[%emt 00:00:01]} d5 {[%clk 00:10:01]} {[%emt 00:00:10]} 3. e3
{[%clk 00:10:12]} {[%emt 00:00:04]} Bf5 {[%clk 00:08:59]} {[%emt 00:01:07]} 4.
Bxf6 {[%clk 00:10:14]} {[%emt 00:00:04]} exf6 {[%clk 00:08:39]} {[%emt
00:00:25]} 5. Bd3 {[%clk 00:10:15]} {[%emt 00:00:03]} Qd7 {[%clk 00:08:29]}
{[%emt 00:00:16]} 6. Nf3 {[%clk 00:10:01]} {[%emt 00:00:19]} Bd6 {[%clk
00:08:12]} {[%emt 00:00:21]} 7. O-O {[%clk 00:09:45]} {[%emt 00:00:21]} O-O
{[%clk 00:08:11]} {[%emt 00:00:06]} 8. c4 {[%clk 00:09:09]} {[%emt 00:00:42]}
dxc4 {[%clk 00:07:46]} {[%emt 00:00:30]} 9. Bxc4 {[%clk 00:09:03]} {[%emt
00:00:11]} Nc6 {[%clk 00:07:29]} {[%emt 00:00:22]} 10. Nc3 {[%clk 00:08:53]}
{[%emt 00:00:14]} a6 {[%clk 00:06:28]} {[%emt 00:01:06]} 11. Rc1 {[%clk
00:08:17]} {[%emt 00:00:41]} Rac8 {[%clk 00:06:01]} {[%emt 00:00:32]} 12. Re1
{[%clk 00:07:13]} {[%emt 00:01:09]} b5 {[%clk 00:05:49]} {[%emt 00:00:18]} 13.
Nxb5 {[%clk 00:04:36]} {[%emt 00:02:42]} axb5 {[%clk 00:04:58]} {[%emt
00:00:55]} 14. Bxb5 {[%clk 00:04:39]} {[%emt 00:00:02]} Be4 {[%clk 00:04:31]}
{[%emt 00:00:32]} 15. Nd2 {[%clk 00:03:26]} {[%emt 00:01:18]} Rb8 {[%clk
00:02:58]} {[%emt 00:01:39]} 16. a4 {[%clk 00:02:36]} {[%emt 00:00:56]} Qe6
{[%clk 00:01:44]} {[%emt 00:01:18]} 17. Nxe4 {[%clk 00:02:23]} {[%emt
00:00:18]} Qxe4 {[%clk 00:01:47]} {[%emt 00:00:01]} 18. Rxc6 {[%clk 00:02:14]}
{[%emt 00:00:15]} f5 {[%clk 00:01:18]} {[%emt 00:00:33]} 19. Qc2 {[%clk
00:01:47]} {[%emt 00:00:32]} Qh4 {[%clk 00:00:59]} {[%emt 00:00:23]} 20. g3
{[%clk 00:01:45]} {[%emt 00:00:08]} Qf6 {[%clk 00:01:03]} {[%emt 00:00:02]} 21.
Qc4 {[%clk 00:01:36]} {[%emt 00:00:14]} Rfe8 {[%clk 00:00:57]} {[%emt
00:00:11]} 22. a5 {[%clk 00:00:52]} {[%emt 00:00:49]} Re6 {[%clk 00:00:34]}
{[%emt 00:00:28]} 23. a6 {[%clk 00:00:41]} {[%emt 00:00:16]} f4 {[%clk
00:00:36]} {[%emt 00:00:03]} 24. e4 {[%clk 00:00:18]} {[%emt 00:00:28]} fxg3
{[%clk 00:00:34]} {[%emt 00:00:06]} 25. hxg3 {[%clk 00:00:21]} {[%emt
00:00:02]} Bxg3 {[%clk 00:00:08]} {[%emt 00:00:32]} 26. fxg3 {[%clk 00:00:21]}
{[%emt 00:00:05]} Qf3 {[%clk 00:00:11]} {[%emt 00:00:02]} 27. Qc3 {[%clk
00:00:11]} {[%emt 00:00:15]} Qxc3 {[%clk 00:00:13]} {[%emt 00:00:02]} 28. bxc3
{[%clk 00:00:15]} Rxb5 {[%clk 00:00:16]} {[%emt 00:00:02]} 29. Rxe6 {[%clk
00:00:09]} {[%emt 00:00:09]} fxe6 {[%emt 00:00:03]} 30. Ra1 Rb8 {[%clk
00:00:19]} {[%emt 00:00:01]} 31. a7 {[%clk 00:00:10]} {[%emt 00:00:05]} Ra8
{[%clk 00:00:24]} 32. Ra6 {[%clk 00:00:13]} {[%emt 00:00:02]} Kf7 {[%clk
00:00:28]} 33. Kf2 {[%clk 00:00:17]} {[%emt 00:00:02]} Ke7 {[%clk 00:00:32]} 34.
Ke3 {[%clk 00:00:14]} {[%emt 00:00:08]} Kd7 {[%clk 00:00:36]} 35. d5 {[%clk
00:00:17]} {[%emt 00:00:01]} exd5 {[%clk 00:00:37]} {[%emt 00:00:05]} 36. exd5
{[%clk 00:00:19]} {[%emt 00:00:02]} Kc8 {[%clk 00:00:29]} {[%emt 00:00:14]} 37.
Kd4 {[%emt 00:00:16]} Kb7 38. Ke5 {[%clk 00:00:06]} {[%emt 00:00:07]} Kxa6
{[%clk 00:00:37]} {[%emt 00:00:02]} 0-1

[Event "World Youth & Cadets Rapid Championships"]
[Site "Rhodes, Greece"]
[Date "2022.05.01"]
[Round "3.8"]
[White "Chyzy, Jakub"]
[Black "Andreev, Konstantin"]
[Result "1-0"]
[TimeControl "10'/game & 5\"/move"]
[WhiteElo "1951"]
[BlackElo "1928"]

1. e4 {[%clk 00:10:07]} {[%emt 00:00:02]} c5 {[%clk 00:10:09]} {[%emt
00:00:01]} 2. Nf3 {[%clk 00:10:11]} {[%emt 00:00:02]} Nc6 {[%clk 00:10:11]}
{[%emt 00:00:02]} 3. d4 {[%clk 00:10:13]} {[%emt 00:00:02]} cxd4 {[%clk
00:10:14]} {[%emt 00:00:02]} 4. Nxd4 {[%clk 00:10:18]} {[%emt 00:00:01]} Nf6
{[%clk 00:10:17]} {[%emt 00:00:02]} 5. Nc3 {[%clk 00:10:20]} {[%emt 00:00:02]}
e5 {[%clk 00:10:20]} {[%emt 00:00:02]} 6. Ndb5 {[%clk 00:10:19]} {[%emt
00:00:07]} d6 {[%clk 00:10:24]} 7. Bg5 {[%clk 00:10:20]} {[%emt 00:00:03]} a6
{[%clk 00:10:27]} {[%emt 00:00:02]} 8. Bxf6 {[%clk 00:10:24]} {[%emt 00:00:02]}
gxf6 {[%clk 00:10:30]} 9. Na3 {[%clk 00:10:28]} {[%emt 00:00:02]} f5 {[%clk
00:10:34]} {[%emt 00:00:01]} 10. Bd3 {[%clk 00:10:19]} {[%emt 00:00:14]} Rb8
{[%clk 00:10:35]} {[%emt 00:00:04]} 11. Nd5 {[%clk 00:10:09]} {[%emt 00:00:14]}
Be6 {[%clk 00:10:13]} {[%emt 00:00:27]} 12. Nc4 {[%clk 00:09:30]} {[%emt
00:00:44]} Bxd5 {[%clk 00:09:45]} {[%emt 00:00:33]} 13. exd5 {[%clk 00:09:20]}
{[%emt 00:00:15]} Ne7 {[%clk 00:09:43]} {[%emt 00:00:07]} 14. Qh5 {[%clk
00:07:13]} {[%emt 00:02:11]} e4 {[%clk 00:09:32]} {[%emt 00:00:17]} 15. Be2
{[%clk 00:07:07]} {[%emt 00:00:11]} Bg7 {[%clk 00:08:13]} {[%emt 00:01:24]} 16.
O-O {[%clk 00:06:47]} {[%emt 00:00:25]} O-O {[%clk 00:08:11]} {[%emt 00:00:07]}
17. c3 {[%clk 00:05:44]} {[%emt 00:01:09]} Kh8 {[%clk 00:07:50]} {[%emt
00:00:26]} 18. Kh1 {[%clk 00:04:07]} {[%emt 00:01:42]} Qd7 {[%clk 00:07:19]}
{[%emt 00:00:36]} 19. f3 {[%clk 00:03:58]} {[%emt 00:00:14]} b5 {[%clk
00:07:03]} {[%emt 00:00:21]} 20. Na5 {[%clk 00:02:35]} {[%emt 00:01:28]} e3
{[%clk 00:06:15]} {[%emt 00:00:53]} 21. Bd3 {[%clk 00:01:56]} {[%emt 00:00:43]}
h6 {[%clk 00:05:51]} {[%emt 00:00:30]} 22. Nc6 {[%clk 00:01:33]} {[%emt
00:00:28]} Rbe8 {[%clk 00:04:37]} {[%emt 00:01:19]} 23. Nxe7 {[%clk 00:01:36]}
{[%emt 00:00:02]} Rxe7 {[%clk 00:04:39]} {[%emt 00:00:03]} 24. Bxf5 {[%clk
00:01:14]} {[%emt 00:00:27]} Re5 {[%clk 00:03:50]} {[%emt 00:00:53]} 25. Bxd7
{[%clk 00:01:06]} {[%emt 00:00:13]} Rxh5 {[%clk 00:03:54]} {[%emt 00:00:02]} 26.
Bc6 {[%clk 00:01:03]} {[%emt 00:00:07]} Rb8 {[%clk 00:03:37]} {[%emt 00:00:22]}
27. a3 {[%clk 00:00:48]} {[%emt 00:00:20]} Re5 {[%clk 00:03:33]} {[%emt
00:00:09]} 28. Rae1 {[%clk 00:00:30]} {[%emt 00:00:24]} h5 {[%clk 00:02:15]}
{[%emt 00:01:22]} 29. f4 {[%clk 00:00:31]} {[%emt 00:00:04]} Re4 {[%clk
00:02:15]} {[%emt 00:00:04]} 30. Rf3 {[%clk 00:00:33]} {[%emt 00:00:05]} a5
{[%clk 00:01:21]} {[%emt 00:00:59]} 31. Rexe3 {[%clk 00:00:31]} {[%emt
00:00:07]} Rxe3 {[%clk 00:01:23]} {[%emt 00:00:02]} 32. Rxe3 {[%clk 00:00:35]}
b4 {[%clk 00:01:27]} {[%emt 00:00:02]} 33. axb4 {[%clk 00:00:36]} {[%emt
00:00:04]} axb4 {[%clk 00:01:30]} {[%emt 00:00:02]} 34. Re8+ {[%clk 00:00:10]}
{[%emt 00:00:31]} Rxe8 {[%clk 00:01:34]} {[%emt 00:00:01]} 35. Bxe8 {[%clk
00:00:14]} bxc3 {[%clk 00:01:21]} {[%emt 00:00:17]} 36. bxc3 {[%clk 00:00:18]}
Kg8 {[%clk 00:01:21]} {[%emt 00:00:06]} 37. c4 {[%clk 00:00:22]} {[%emt
00:00:01]} Bd4 {[%clk 00:01:24]} {[%emt 00:00:01]} 38. g3 {[%clk 00:00:20]}
{[%emt 00:00:07]} Be3 {[%clk 00:00:59]} {[%emt 00:00:31]} 39. Kg2 {[%clk
00:00:20]} {[%emt 00:00:05]} h4 {[%clk 00:00:51]} {[%emt 00:00:13]} 40. Kf3
{[%clk 00:00:20]} {[%emt 00:00:05]} hxg3 {[%clk 00:00:52]} {[%emt 00:00:03]} 41.
hxg3 {[%emt 00:00:19]} Bc5 {[%clk 00:00:56]} 42. Ke4 {[%clk 00:00:10]} {[%emt
00:00:03]} Kf8 {[%clk 00:00:56]} {[%emt 00:00:04]} 43. Bc6 {[%clk 00:00:11]}
{[%emt 00:00:04]} Kg7 {[%clk 00:00:57]} {[%emt 00:00:04]} 44. Kf5 {[%clk
00:00:15]} Bf2 {[%clk 00:00:58]} {[%emt 00:00:04]} 45. g4 {[%clk 00:00:20]} Be3
{[%clk 00:01:01]} {[%emt 00:00:01]} 46. g5 {[%clk 00:00:16]} {[%emt 00:00:10]}
Kf8 {[%clk 00:00:56]} {[%emt 00:00:09]} 47. Ba4 {[%clk 00:00:17]} {[%emt
00:00:05]} Ke7 {[%clk 00:00:53]} {[%emt 00:00:07]} 48. Bd1 {[%clk 00:00:11]}
{[%emt 00:00:11]} Kf8 {[%clk 00:00:56]} {[%emt 00:00:03]} 49. Bh5 {[%clk
00:00:14]} {[%emt 00:00:02]} Ke7 {[%clk 00:00:59]} {[%emt 00:00:01]} 50. Kg4
{[%clk 00:00:13]} {[%emt 00:00:06]} Kf8 {[%clk 00:00:49]} {[%emt 00:00:15]} 51.
Kf5 {[%emt 00:00:09]} Kg7 {[%clk 00:00:49]} 52. Bd1 {[%clk 00:00:15]} {[%emt
00:00:05]} Kf8 {[%clk 00:00:53]} 53. Ke4 {[%clk 00:00:17]} {[%emt 00:00:03]}
Bc5 {[%clk 00:00:36]} {[%emt 00:00:22]} 54. f5 {[%clk 00:00:16]} {[%emt
00:00:06]} Kg7 {[%clk 00:00:39]} {[%emt 00:00:02]} 55. Bh5 {[%clk 00:00:20]}
{[%emt 00:00:01]} Bf2 {[%clk 00:00:35]} {[%emt 00:00:09]} 56. f6+ {[%clk
00:00:24]} {[%emt 00:00:01]} Kf8 {[%clk 00:00:39]} 57. Kf5 {[%clk 00:00:27]}
{[%emt 00:00:01]} Be3 {[%clk 00:00:39]} {[%emt 00:00:05]} 58. Bxf7 {[%clk
00:00:19]} {[%emt 00:00:13]} Kxf7 {[%clk 00:00:34]} {[%emt 00:00:11]} 59. g6+
{[%clk 00:00:23]} Kf8 {[%clk 00:00:26]} {[%emt 00:00:13]} 60. Ke6 {[%clk
00:00:24]} {[%emt 00:00:05]} Bf4 {[%clk 00:00:22]} {[%emt 00:00:09]} 61. g7+
{[%clk 00:00:25]} {[%emt 00:00:04]} Kg8 {[%clk 00:00:24]} {[%emt 00:00:03]} 62.
f7+ {[%clk 00:00:24]} {[%emt 00:00:06]} Kxg7 {[%clk 00:00:28]} {[%emt
00:00:01]} 63. Ke7 {[%clk 00:00:28]} {[%emt 00:00:01]} Bg5+ {[%clk 00:00:32]}
64. Ke8 {[%clk 00:00:33]} {[%emt 00:00:01]} 1-0

[Event "World Youth & Cadets Rapid Championships"]
[Site "Rhodes, Greece"]
[Date "2022.05.01"]
[Round "3.9"]
[White "Uritsky, Yonathan"]
[Black "Hagner, Bennet"]
[Result "1/2-1/2"]
[TimeControl "10'/game & 5\"/move"]
[WhiteElo "1932"]
[BlackElo "2186"]

1. e4 {[%clk 00:10:08]} {[%emt 00:00:02]} c6 {[%clk 00:10:10]} {[%emt
00:00:01]} 2. Ne2 {[%clk 00:10:09]} {[%emt 00:00:03]} d5 {[%clk 00:10:12]}
{[%emt 00:00:03]} 3. e5 {[%clk 00:10:12]} {[%emt 00:00:01]} c5 {[%clk
00:09:00]} {[%emt 00:01:17]} 4. d4 {[%clk 00:10:15]} {[%emt 00:00:02]} Nc6
{[%clk 00:08:51]} {[%emt 00:00:14]} 5. c3 {[%clk 00:10:18]} {[%emt 00:00:02]}
h5 {[%clk 00:06:35]} {[%emt 00:02:21]} 6. Nd2 {[%clk 00:09:34]} {[%emt
00:00:50]} Bf5 {[%clk 00:06:07]} {[%emt 00:00:33]} 7. Nf3 {[%clk 00:09:06]}
{[%emt 00:00:32]} e6 {[%clk 00:05:55]} {[%emt 00:00:16]} 8. dxc5 {[%clk
00:08:25]} {[%emt 00:00:46]} Bxc5 {[%clk 00:05:47]} {[%emt 00:00:14]} 9. Ned4
{[%clk 00:08:29]} {[%emt 00:00:01]} Nge7 {[%clk 00:04:39]} {[%emt 00:01:14]} 10.
Be3 {[%clk 00:07:21]} {[%emt 00:01:12]} Bb6 {[%clk 00:03:14]} {[%emt 00:01:30]}
11. Bd3 {[%clk 00:07:19]} {[%emt 00:00:07]} Bxd3 {[%clk 00:02:56]} {[%emt
00:00:23]} 12. Qxd3 {[%clk 00:07:23]} {[%emt 00:00:02]} Bxd4 {[%clk 00:01:47]}
{[%emt 00:01:13]} 13. cxd4 {[%clk 00:07:10]} {[%emt 00:00:18]} Nf5 {[%emt
00:00:38]} 14. Bd2 {[%emt 00:00:05]} Qb6 {[%clk 00:01:31]} {[%emt 00:00:02]} 15.
Bc3 {[%emt 00:00:19]} Rc8 {[%emt 00:00:05]} 16. O-O {[%emt 00:00:10]} Na5
{[%clk 00:01:12]} {[%emt 00:00:06]} 17. b3 {[%emt 00:00:22]} O-O {[%emt
00:00:31]} 18. Rac1 {[%clk 00:06:22]} Rc7 {[%emt 00:00:21]} 19. Qd2 {[%clk
00:06:01]} {[%emt 00:00:08]} Nc6 {[%emt 00:00:32]} 20. b4 {[%emt 00:00:29]}
Rfc8 {[%clk 00:01:11]} 21. a3 {[%emt 00:00:13]} Qa6 {[%clk 00:01:09]} {[%emt
00:00:07]} 22. Bb2 {[%emt 00:00:23]} Nb8 {[%emt 00:00:22]} 23. Rxc7 {[%clk
00:04:27]} {[%emt 00:00:27]} Rxc7 {[%clk 00:00:52]} {[%emt 00:00:01]} 24. Rc1
{[%emt 00:00:14]} Rxc1+ {[%clk 00:00:35]} {[%emt 00:00:09]} 25. Qxc1 {[%clk
00:04:35]} {[%emt 00:00:01]} Qc6 {[%emt 00:00:29]} 26. Qxc6 Nxc6 27. h3 {[%clk
00:03:48]} {[%emt 00:00:01]} f6 {[%clk 00:00:34]} {[%emt 00:00:07]} 28. Kf1
{[%clk 00:03:53]} {[%emt 00:00:09]} Kf7 {[%clk 00:00:29]} 29. Ke2 {[%clk
00:03:53]} {[%emt 00:00:06]} Nfe7 {[%clk 00:00:24]} 30. Kd3 {[%clk 00:03:54]}
{[%emt 00:00:15]} Ng6 {[%clk 00:00:26]} 31. g3 {[%clk 00:03:54]} {[%emt
00:00:07]} h4 {[%clk 00:00:20]} 32. Nxh4 {[%clk 00:02:51]} {[%emt 00:01:19]}
Nxh4 {[%clk 00:00:24]} 33. gxh4 {[%clk 00:02:55]} {[%emt 00:00:03]} Kg6 {[%emt
00:00:05]} 34. b5 {[%clk 00:02:31]} {[%emt 00:00:27]} Na5 {[%clk 00:00:29]} 35.
a4 {[%clk 00:02:03]} {[%emt 00:00:33]} Nc4 {[%clk 00:00:33]} {[%emt 00:00:02]}
36. Bc3 {[%clk 00:02:00]} {[%emt 00:00:07]} fxe5 {[%clk 00:00:27]} {[%emt
00:00:11]} 37. dxe5 {[%clk 00:02:04]} {[%emt 00:00:01]} Kf5 {[%clk 00:00:20]}
38. Kd4 {[%clk 00:01:14]} {[%emt 00:01:07]} Nxe5 {[%clk 00:00:11]} 39. Kc5
{[%clk 00:01:18]} {[%emt 00:00:15]} Nd3+ {[%clk 00:00:09]} 40. Kd6 {[%clk
00:01:22]} {[%emt 00:00:08]} g6 {[%clk 00:00:13]} 41. Kc7 {[%clk 00:01:23]}
{[%emt 00:00:06]} b6 {[%clk 00:00:17]} 42. a5 {[%clk 00:01:23]} bxa5 {[%clk
00:00:17]} 43. Bxa5 {[%clk 00:01:23]} Nb2 {[%clk 00:00:17]} 44. Kb7 {[%clk
00:01:23]} d4 {[%clk 00:00:17]} 45. Kxa7 {[%clk 00:01:23]} Nc4 {[%clk
00:00:17]} 46. Kb7 {[%clk 00:00:48]} {[%emt 00:00:56]} 1/2-1/2